Normas de auditora̕, para atestiguar, revisin̤ y otros servicios relacionados

Bibliographic Details
Format: eBook
Language:Spanish
Published: Mx̌ico DF: Instituto Mexicano de Contadores Pb︢licos, 2014
Subjects:
Online Access:Acceso restringido

MARC

LEADER 00000nam a22000007a 4500
005 20140711012844.0
007 cr|||| ||||
008 140711s2014 mx |||||s|||| 00||0 spa d
020 |a 9786078331932 
035 |a 12241 
040 |a vLex 
090 |c 5028  |d 5028 
245 0 0 |a Normas de auditora̕, para atestiguar, revisin̤ y otros servicios relacionados  |h [Recurso electrn̤ico] / 
256 |a Servicio en ln̕ea 
260 |a Mx̌ico DF:  |b Instituto Mexicano de Contadores Pb︢licos,  |c 2014 
300 |a 1 recurso electrn̤ico 
506 1 |a Disponible solo en los productos indicados  |d vLex Global  |d vLex Global (Academic Edition, excluding Law Schools)  |d vLex Global (U.S. Academic Edition, Law Schools)  |d vLex Global (U.S. Academic Edition, excluding Law Schools)  |d vLex Global (Academic Edition, Law Schools) 
650 0 4 |a Derecho Fiscal  |z Mx̌ico 
740 0 |a vLex Libros (Servicio en ln̕ea) 
856 4 0 |u http://vlex.com/source/normas-auditoria-atestiguar-revision-servicios-relacionados-12241  |z Acceso restringido 
942 |c BOOK 
999 0 |a Tax Law